|
|
|
|
| LEADER |
01064nam a2200253 a 4500 |
| 001 |
14629 |
| 003 |
BD-DhAAL |
| 008 |
090824s1994 si 000 0 eng d |
| 999 |
|
|
|c 3592
|d 3592
|
| 010 |
|
|
|a \\\94168682
|
| 020 |
|
|
|a 9810205937
|
| 040 |
|
|
|a PBm
|c PBm
|d DLC
|d BD-DhAAL
|
| 082 |
0 |
0 |
|a 515.353
|2 20
|
| 100 |
1 |
|
|a Bit͡s︡adze, A. V.
|q (Andreĭ Vasilʹevich),
|d 1916-
|9 40458
|
| 245 |
1 |
0 |
|a Partial differential equations /
|c A.V. Bit͡s︡adze.
|
| 260 |
|
|
|a Singapore ;
|a River Edge, NJ :
|b World Scientific,
|c c1994.
|
| 300 |
|
|
|a xiii, 227 pages ;
|c 23 cm.
|
| 490 |
1 |
|
|a Series on Soviet and East European mathematics ;
|v vol. 2
|
| 541 |
1 |
|
|e 00014629
|
| 650 |
|
0 |
|a Differential equations, Partial.
|9 40459
|
| 830 |
|
0 |
|a Series on Soviet and East European mathematics ;
|v v. 2.
|9 40460
|
| 852 |
4 |
|
|a Ayesha Abed Library
|j General Stacks
|
| 942 |
|
|
|2 ddc
|c BK
|
| 952 |
|
|
|0 0
|1 0
|2 ddc
|4 0
|6 515_353000000000000_BIT_1994
|7 0
|9 3261
|a BRACUL
|b BRACUL
|c GEN
|d 2009-09-02
|g 0.00
|l 3
|m 13
|o 515.353 BIT
|p 3010014629
|r 2024-11-05
|s 2022-06-01
|t 1
|w 2009-09-02
|y BK
|x No price found in the accession register.
|